| 000 | 01196cam a2200217 4500 | ||
|---|---|---|---|
| 001 | ABS66186 | ||
| 008 | 021120n2002 000 0 eng u | ||
| 035 | _a(Sirsi) u120514 | ||
| 100 | _aSeidl, A | ||
| 245 | _aTicket to rise | ||
| 260 | _c2002 | ||
| 490 |
_aEstates Gazette _v(0245) 9 November 2002, 48-49(2) |
||
| 520 | _aExamines the development of the Channel Tunnel Rail link (CTRL) with its promise of much faster journey times for commuters and good returns for investors along the route. The CTRL will not open until 2007 but the strategic rail authority has already promised four trains per hour in peak periods with journey times from Ashford, which is one of the towns that stands to benefit from the route, cut to 37 minutes. The biggest scheme to be encouraged by the development is Stratford in East London where there are plans by Chelsfield and Stanhope for a 9m town centre extension. With a map of Kent towns that might benefit by the improved journey times and higher house prices. | ||
| 590 | _aABS | ||
| 650 | _aCHANNEL TUNNEL RAIL LINK | ||
| 650 | _aASHFORD | ||
| 650 | _aSTRATFORD | ||
| 650 | _aWATERLOO | ||
| 690 | _aTRANSPORT AND COMMUNICATIONS | ||
| 942 | _n0 | ||
| 999 |
_c71597 _d71597 |
||